| 000 | 00777cam a2200229 a 4500 | ||
|---|---|---|---|
| 001 | 12810349 | ||
| 003 | AUA.1 | ||
| 005 | 20180111102010.0 | ||
| 008 | 870930s1986 enk b 000 0 eng | ||
| 020 | _a0340345020 (pbk) | ||
| 020 | _a9780340345023 (pbk) | ||
| 035 | _a(OCoLC)12810349 | ||
| 040 |
_aUKM _cUKM _dOCL _dYDXCP _dDEBBG _dEXN _dJTL |
||
| 050 | 4 |
_aBT764.2 _b.H47 1986 |
|
| 245 | 0 | 0 |
_aHere we stand : _bjustification by faith today / _cJ.I. Packer ... [et al.] |
| 260 |
_aLondon : _bHodder and Stoughton, _c1986. |
||
| 300 |
_a189 p. ; _c20 cm. |
||
| 504 | _aBibliographical references in "Notes": p. [177]-189. | ||
| 650 | 0 | _aJustification (Christian theology) | |
| 700 | 1 |
_aPacker, J. I. _q(James Innell) |
|
| 942 |
_2lcc _cBOOK _hBT 764.2 _i.H47 1986 |
||
| 999 |
_c19089 _d19089 |
||